| 000 | 00622nam a2200217 a 4500 | ||
|---|---|---|---|
| 005 | 20250703063905.0 | ||
| 008 | 130913s2005 mx r 000 0 spa d | ||
| 020 | _a9702407273 | ||
| 035 | _aUPN01000192906 | ||
| 049 | _aCG | ||
| 050 | 4 |
_aPQ7298.23 U6.6 _bC6.6 |
|
| 100 | 1 |
_aMurray Prisant, Guillermo, _d1957- _931523 |
|
| 245 | 1 | 0 |
_aCon tinta sangre / _cGuillermo Murray Prisant. |
| 260 |
_aMéxico : _bPatria, _c2005. |
||
| 300 |
_a175 p. : _bil. |
||
| 440 | 0 |
_aPatria para jóvenes. _pMisterio |
|
| 650 | 0 |
_aLiteratura juvenil mexicana _915848 |
|
| 650 | 2 |
_aLeyendas _98252 |
|
| 905 | _aLibro | ||
| 999 |
_c165008 _d165008 |
||